| 000 | 00763nam a22002297a 4500 | ||
|---|---|---|---|
| 005 | 20170124105957.0 | ||
| 010 | _aA-584808 | ||
| 020 |
_c00.00 _a8171004466 |
||
| 035 | _aA-584808 | ||
| 037 | _bCen Lib/Ret | ||
| 040 |
_aDPL _bEN |
||
| 082 |
_a351.072 _bRAO |
||
| 100 |
_aRao, G. Ananda _914824 |
||
| 245 |
_aFinance commissions in India / _cby G. Ananda Rao |
||
| 260 |
_aNew Delhi _bDeep & Deep Publications Pvt. Ltd. _c1992 |
||
| 270 |
_aF-159. Rajouri Garden _bNew Delhi _e110027 |
||
| 300 |
_axii,390p. : _c22cm(Hb) _bill. |
||
| 500 | _aIncludes bibliographical references and index. | ||
| 650 |
_aIndia. -- Finance Commission. _914825 |
||
| 650 |
_aIntergovernmental fiscal relations. _914826 |
||
| 942 |
_2ddc _cEN _h351.072 _mRAO |
||
| 999 |
_c125577 _d125577 |
||